One Republic songs - Statistics

General Stats
  • This quiz has been taken 39 times
  • The average score is 21 of 114
Answer Stats
Answer % Correct
Counting stars
91%
Apologize
73%
Run
67%
I lived
61%
Good life
58%
I ain’t worried
58%
Love runs out
55%
All the right moves
52%
I don’t wanna wait
42%
Secrets
42%
If i lose myself
39%
Kids
39%
Rescue me
39%
West coast
39%
Something i need
36%
Let’s hurt tonight
33%
Lose somebody
33%
Sunshine
33%
Better
30%
RUNAWAY
30%
Stop and stare
30%
Better days
27%
Human
27%
Someday
27%
Burning bridges
24%
Didn’t I
24%
Preacher
24%
Wherever i go
24%
Connection
21%
Dream
21%
Feel again
21%
Marchin on
21%
Nobody
21%
Light it up
18%
Missing persons 1 & 2
18%
Oh My My
18%
Start again
18%
Wanted
18%
A.I.
15%
Au revoir
15%
Colors
15%
Dear santa
15%
Distance
15%
Everybody loves me
15%
Fire
15%
Future Looks Good
15%
Heaven
15%
Rich love
15%
What you wanted
15%
Wild life
15%
All Fall down
12%
All this time
12%
All we are
12%
Born
12%
Choke
12%
Come Home
12%
Dreaming out loud
12%
Last holiday
12%
Life in color
12%
Mercy
12%
Mirage
12%
Say (all i need)
12%
Ships + Tides
12%
Sink or swim
12%
Somebody to love
12%
Someone to Save you
12%
Take care of you
12%
Artificial paradise
9%
Can’t stop
9%
Chasing paradise
9%
Don’t look down
9%
Fear
9%
Fingertips
9%
Goodbye, apathy
9%
Hurt
9%
Lift me up
9%
Lullaby
9%
Made for you
9%
NbHD
9%
No vacancy
9%
Prodigal
9%
Red Light Green Light
9%
Savior
9%
Serotonin
9%
Singapore
9%
Tell me
9%
The less i know
9%
Tyrant
9%
Waking up
9%
All these things
6%
Bones
6%
Champagne supernova
6%
Christmas without you
6%
Entr’acte
6%
Room for you
6%
Sleep
6%
Stargazing
6%
Sucker punch
6%
Take it out on me
6%
Trap door
6%
Truth to power
6%
White Christmas
6%
You were loved
6%
Horizon
3%
It’s a shame
3%
Passanger
3%
Something’s not right here
3%
Won’t stop
3%
Forget About You
0%
Not over
0%
Ojapiano
0%
Shout
0%
Something’s Gotta give
0%
No matching quizzes found
Score Distribution
Percent of People with Each Score
Percentile by Number Answered
Your Score History
You have not taken this quiz